| 000 | 00804nam a2200229Ia 4500 | ||
|---|---|---|---|
| 003 | GCL | ||
| 008 | 140319s9999 xx 000 0 ara d | ||
| 040 |
_aGCL / _cGCL |
||
| 082 | 0 | 4 |
_aم _b953 _bخ ا |
| 100 | 1 | _aالخوارزمى , ابوالريحان محمد بن | |
| 245 | 1 | 0 |
_aالاثار الباقية عن القرون الخالية CHRONLAGIE ORIENLALSCHER VOLKER / _cالخوارزمى , ابوالريحان محمد بن |
| 260 |
_a[S.N] : _bدار الكتب المصرية |
||
| 300 | _aمتعدد | ||
| 490 |
_aشكاوى المصرى الفصيح _v0 |
||
| 650 | 0 | 4 | _aتاريخ |
| 650 | 0 | 4 | _aالرحلات |
| 650 | 0 | 4 | _aالجغرافيا |
| 650 | 0 | 4 | _aالعالم الاسلامى |
| 650 | 0 | 4 | _aالعلوم عند العرب |
| 650 | 0 | 4 | _aالهند |
| 942 |
_2ddc _cREF |
||
| 999 |
_c59317 _d59317 |
||